Catégories aux César du cinéma - Statistiques

Statistiques générales
  • Ce quiz a été pris 13 443 fois
  • Le résultat moyen est 11 sur 24
Statistiques - réponses
Date Meilleur .... % Correct
1976 Acteur
98%
1976 Actrice
89%
1976 Réalisateur
88%
1976 Film
86%
1976 Musique originale
76%
2006 Scénario original
64%
1985 Costumes
57%
1976 Acteur dans un second rôle
54%
1976 Actrice dans un second rôle
53%
2011 Film d'animation
52%
1976 Décors
51%
1976 Son
42%
2022 Effets visuels
39%
1976 Photographie
35%
1983 Espoir féminin
34%
1983 Espoir masculin
34%
1976 Montage
34%
1976 Film étranger
33%
2007 Film documentaire
28%
2006 Adaptation
26%
1982 Premier film
18%
1977 - 1990depuis 2014 Court métrage d'animation
10%
1977 - 1991depuis 2022 Court métrage documentaire
9%
1977 - 1991depuis 2022 Court métrage de fiction
8%
Aucun quiz correspondant
Distribution des résultats
% des personnes avec chaque résultat
Percentile par nombre de réponses
Votre historique - résultats
Vous n’avez pas pris ce quiz